[Event "World Junior U20 Open 2018"]
[Site "Gebze"]
[Date "2018.09.06"]
[Round "2.10"]
[White "Narayanan.S.L"]
[Black "Garayev, Kanan"]
[Result "1/2-1/2"]
[WhiteElo "2573"]
[BlackElo "2404"]
[Annotator "TA"]
[PlyCount "144"]
[EventDate "2018.09.05"]
[EventType "swiss"]
[EventCountry "TUR"]
[SourceTitle "playchess.com"]
[Source "ChessBase"]
[SourceQuality "1"]

{[%evp 13,144,-2,10,0,20,30,23,32,85,98,101,70,58,70,130,131,125,124,135,133,142,126,127,143,179,190,188,190,194,188,167,132,129,106,114,121,159,160,162,150,153,130,131,128,178,183,191,191,179,180,191,196,185,182,186,147,154,153,151,147,140,102,147,139,193,190,182,124,119,125,145,141,160,158,160,164,159,147,154,118,117,117,111,69,68,77,78,75,75,67,78,77,74,79,75,75,68,73,128,110,108,91,79,4,77,68,80,54,54,54,53,53,53,53,53,35,35,35,36,42,69,33,80,0,0,0,2,0,0,0,0,0,0]} 1. c4 Nf6 2. Nc3 e6 3. e4 {[%cal Be2e4,Be4e5][%mdl 32]} d5 4. e5 d4 5. exf6 dxc3 6. fxg7 cxd2+ 7. Bxd2 Bxg7 8. Qb3 {A18: Englische Eröffnung} c5 (8... Nd7 9. Rd1 b6 10. Bc3 Bxc3+ 11. Qxc3 Qf6 12. Qxf6 Nxf6 13. Be2 Ke7 14. Bf3 Rb8 15. Ne2 c5 16. Nc3 {½-½ (16) Harutyunian,T (2501)-Oparin,G (2622) Batumi 2018}) 9. Bc3 Bxc3+ 10. Qxc3 {Weiß hat minimalen Vorteil.} Qd4 (10... Rg8 $14) 11. Qxd4 $146 ({Vorgänger:} 11. Qc2 Nc6 12. Ne2 Qf6 13. g3 Nb4 14. Qb3 Bd7 15. O-O-O Bc6 {1-0 (42) Harutyunian,T (2459)-Brazdzionis,A (2182) Porto Carras 2015}) 11... cxd4 12. f4 Nc6 13. Nf3 O-O (13... b6 $14) 14. O-O-O Rd8 15. Bd3 Bd7 16. Be4 Rac8 17. Nxd4 Nb4 18. b3 (18. Bxb7 $2 Rxc4+ 19. Kb1 e5 $1 $17 {[%mdl 512]}) 18... Nxa2+ 19. Kb2 Nb4 20. Bxb7 Rb8 21. Bf3 a5 22. Nb5 Kf8 23. Rd2 Ke7 24. Nd4 Rdc8 25. Re1 $1 Kf8 26. Re5 a4 27. Nb5 Be8 28. Ka3 Na6 29. Kxa4 f6 30. Re3 Nc7 31. Ka3 {Schwarz muss nun Sxc7 beachten.} Bxb5 32. cxb5 Nxb5+ 33. Kb2 Ke7 34. Bg4 Rc6 35. Rh3 Rh8 36. Be2 Nd6 37. Bd3 h6 38. Re2 Rb6 (38... Kf7 $16 {war einen Versuch wert.} 39. g4 Rc5) 39. Rhe3 $18 Nb7 40. Rc2 ({Besser ist} 40. Bc4 $18) 40... Rb8 $16 41. Rc3 Na5 {[%cal Ra5b3]} 42. Be4 Rb4 43. Bd5 R8b6 {[#] und nun wäre ...Td4 stark für Schwarz.} 44. f5 $1 {[%cal Rf5e6]} e5 {[%cal Be6e5,Be5e4,Be4e3][%mdl 32]} 45. Red3 e4 46. Rd2 Rd6 {[#]} 47. Kc2 $1 Rb5 48. Be6 {Tc7+ ist eine echte Drohung.} Nc6 49. Rc4 e3 50. Rxd6 Kxd6 {[%mdl 4096] Endspiel KTL-KTS} 51. Kd1 Ra5 $1 52. Ke2 Ra2+ 53. Kxe3 Rxg2 54. Rh4 Ke5 55. Kd3 Ne7 (55... Rg1 $142) 56. b4 Rb2 57. h3 ({Bitte nicht} 57. Rxh6 $6 Rxb4 58. Bc4 Nxf5 $11) 57... Nc6 58. Re4+ ({Ein No Go ist} 58. Rxh6 Rxb4 59. Rh8 Ne7 $11) 58... Kd6 59. Kc3 Rb1 60. Ba2 Rc1+ $1 61. Kb2 Rf1 62. Re6+ Kd7 63. Rxf6 {Und weiter mit Le6+ wäre nett.} Nxb4 64. Bc4 Rf3 $1 65. Rxh6 Nd3+ 66. Kc2 Nf2 67. f6 Nxh3 68. Be2 (68. Rh7+ $16 Kd6 69. Rh5 Rxf6 70. Rxh3) 68... Rf2 $11 {Die Stellung ist ausgeglichen.} 69. Kd1 Ng5 70. Rg6 Ne4 71. Bg4+ Ke8 72. Bh5 {Droht stark Tg8+.} Kf8 {Precision: Weiß = 80%, Schwarz = 68%.} 1/2-1/2

[Event "World Junior U20 Open 2018"]
[Site "Gebze"]
[Date "2018.09.06"]
[Round "2.11"]
[White "Pichot, Alan"]
[Black "Ozer, Omer Faruk"]
[Result "1-0"]
[WhiteElo "2562"]
[BlackElo "2388"]
[Annotator "TA"]
[PlyCount "109"]
[EventDate "2018.09.05"]
[EventType "swiss"]
[EventCountry "TUR"]
[SourceTitle "playchess.com"]
[Source "ChessBase"]
[SourceQuality "1"]

{[%evp 24,109,52,49,55,55,55,52,53,43,47,49,72,65,82,49,43,42,47,51,43,44,44,46,79,69,75,37,35,35,48,35,71,65,159,163,184,145,172,183,188,170,223,215,250,244,240,160,157,135,142,58,79,43,22,0,0,0,68,0,60,0,0,20,22,11,364,362,315,338,337,337,319,237,1971,253,2241,2065,1687,1366,1783,1696,9163,10365,12842,12843,12843,12843]} 1. e4 c5 2. Nf3 Nc6 3. d4 cxd4 4. Nxd4 Qb6 5. Nb3 Nf6 6. Nc3 e6 7. Qe2 Bb4 8. Bd2 O-O 9. a3 {B33: Sicilian: Pelikan and Sveshnikov Variations} Be7 10. O-O-O d5 11. exd5 Nxd5 12. g3 Nxc3 13. Bxc3 {LiveBook: 3 Games} e5 14. Bg2 Be6 {[#]} 15. Bxc6 $146 ({Predecessor:} 15. Bd5 Bxd5 16. Rxd5 Rac8 {0-1 (46) Pichot,A (2542)-Azarov,S (2599) Moscow 2016}) 15... Qxc6 16. Qxe5 {[%csl Gc3][%cal Re5g7]} Bf6 17. Qc5 Bxc3 18. Qxc3 Qg2 19. Qd2 Bxb3 20. cxb3 Qf3 21. Qe3 Qf5 22. Rd3 Rac8+ 23. Kb1 Rcd8 24. Rhd1 Rxd3 25. Qxd3 (25. Rxd3 {is more complex.} Rd8 26. Kc2 Rc8+ 27. Kd2 a5 28. Rc3) 25... Qxf2 $14 {[%mdl 4096] Endgame KQR-KQR} 26. Rd2 $36 {[%mdl 2048] White is more active.} Qb6 27. Ka2 g6 28. Qd7 Kg7 (28... Qc6 $14) 29. Qe7 $16 a6 30. Rc2 Qb5 31. Rc7 b6 32. Qe3 Re8 (32... h5 $142 33. Qd4+ Kg8) 33. Qd4+ $18 Kg8 34. Qf6 Rf8 35. Rc4 Qh5 36. h4 b5 {[#]} 37. g4 (37. Rd4 $1 $16) 37... Qd5 $14 38. Rd4 (38. Rc6 {with more complications.} a5 39. Rd6 Qc5 40. h5 a4 41. Rd3) 38... Qe6 39. Rd6 (39. Qf4 {seems wilder.} Re8 40. Rd6 Qe4 41. Qf6 a5 42. Rd7) 39... Qxf6 40. Rxf6 $11 {KR-KR} Ra8 (40... a5 $1 $11) 41. b4 (41. a4 $14) 41... Kf8 (41... h5 $1 $11 42. gxh5 Kg7) 42. a4 Ke7 43. g5 bxa4 44. Ka3 Rd8 $2 {[%mdl 8192]} (44... h5 $11 {and Black is okay.}) 45. Rxa6 $18 Rd4 46. b5 {[%cal Bb4b5,Bb5b6,Bb6b7][%mdl 32]} ({Stronger than} 46. Rxa4 Rxh4 47. b5 Rh5 $11) 46... Rxh4 47. Rxa4 Rh3+ 48. b3 Rd3 $2 (48... h6 49. Ra7+ Kd6) 49. Re4+ $2 (49. b6 Kd7 50. Rc4) 49... Kd6 $2 {[#]} (49... Kd7 50. Kb4 Kc7) 50. Rc4 $1 {White is clearly winning.} Ke6 51. b6 Rd8 52. Kb4 f5 53. Kb5 Ke5 54. b7 Rb8 55. Kb6 {Precision: White = 65%, Black = 31%.} 1-0

[Event "World Junior U20 Open 2018"]
[Site "Gebze"]
[Date "2018.09.06"]
[Round "2.12"]
[White "Lagunow, Raphael"]
[Black "Vavulin, Maksim"]
[Result "0-1"]
[WhiteElo "2403"]
[BlackElo "2559"]
[Annotator "TA"]
[PlyCount "86"]
[EventDate "2018.09.05"]
[EventType "swiss"]
[EventCountry "TUR"]
[SourceTitle "playchess.com"]
[Source "ChessBase"]
[SourceQuality "1"]

{[%evp 12,86,44,35,60,20,52,43,68,59,85,52,54,54,50,11,35,0,-6,12,75,44,91,23,28,33,52,62,69,17,11,14,61,43,52,0,0,-143,-123,-152,-131,-283,-278,-292,-288,-261,-205,-233,-224,-225,-227,-224,-203,-220,-208,-241,-189,-193,-166,-166,-166,-296,-289,-434,-444,-441,-436,-593,-441,-779,-757,-804,-794,-1218,-1426,-1516,-1383]} 1. e4 g6 2. d4 Bg7 3. Nc3 d6 4. Be3 a6 5. Qd2 b5 6. O-O-O Bb7 {B06: Modern Defence} 7. h4 {LiveBook: 3 Games} b4 8. Nd5 a5 $146 {The position is equal.} ({Predecessor:} 8... Bxd5 9. exd5 Nf6 10. h5 Nxd5 11. Bh6 Bf6 12. Bc4 c6 13. Nf3 Nd7 14. hxg6 hxg6 15. Bxd5 cxd5 16. Qxb4 {0-1 (58) Gopal,G (2558)-Petrosian,T (2641) Abu Dhabi 2014}) 9. f3 e6 10. Nf4 $1 h6 11. Bd3 Nd7 12. Nge2 Ne7 13. Nh3 d5 14. c4 bxc3 15. Nxc3 Ba6 (15... c5 $11 {keeps the balance.} 16. dxc5 d4) 16. h5 {Threatens to win with hxg6.} g5 {[#]} 17. g4 (17. exd5 $1 $16 Bxd3 18. dxe6 (18. Qxd3 exd5 19. g4 f5 $14)) 17... Bxd3 18. Qxd3 c6 19. f4 gxf4 20. Nxf4 (20. Bxf4 $14 Qb6 21. g5) 20... a4 $11 21. Rhf1 Qa5 22. Rd2 Nb6 23. Rdf2 ({Better is} 23. Bf2 $14) 23... Nc4 24. Ng2 (24. Nfe2 $11) 24... Qb4 $17 25. a3 Qb3 26. e5 $2 {[#]} (26. Qd1 $17) 26... c5 $1 $19 {[%mdl 512]} 27. dxc5 Nc6 (27... Nxe5 28. Qc2 $17) (27... Bxe5 28. Bf4 $17) 28. Qd1 {If only White now had time for Qxb3....} Bxe5 (28... N6xe5 29. Bd4 $17) (28... N4xe5 29. Kb1 $17) 29. Qxb3 axb3 30. Nb5 Ra5 31. Nd6+ Bxd6 (31... Nxd6 32. cxd6 Bxd6 33. Rxf7 $17) 32. cxd6 N6e5 {White must now prevent ...Nd3+.} (32... Nxd6 33. Kb1) 33. Kb1 Nxe3 ({Weaker is} 33... Nxd6 34. Bd4 $16) 34. Nxe3 Kd7 35. Rf4 Rb8 ({Don't do} 35... Kxd6 36. Rb4 $17) 36. Rf6 (36. Re1 $142) 36... Ra4 ({Worse is} 36... Kxd6 37. Nf5+ Kd7 38. Nxh6 $16) 37. Rxh6 (37. R1f4 {might work better.} Rxf4 38. Rxf4) 37... Re4 {Black is clearly winning.} 38. Nd1 Rxg4 39. Nc3 Kxd6 40. Rd1 (40. Rhf6 $142 Rh8 41. h6) 40... Ke7 41. Re1 Rg5 42. Rh7 Rbg8 43. h6 d4 {Precision: White = 33%, Black = 65%.} 0-1

[Event "World Junior U20 Open 2018"]
[Site "Gebze"]
[Date "2018.09.06"]
[Round "2.13"]
[White "Bai, Jinshi"]
[Black "Percivaldi, Martin"]
[Result "0-1"]
[WhiteElo "2556"]
[BlackElo "2376"]
[Annotator "TA"]
[PlyCount "86"]
[EventDate "2018.09.05"]
[EventType "swiss"]
[EventCountry "TUR"]
[SourceTitle "playchess.com"]
[Source "ChessBase"]
[SourceQuality "1"]

{[%evp 16,86,18,21,64,77,80,76,89,24,21,25,41,19,18,-77,-43,-35,0,-9,0,0,0,0,0,0,0,0,0,0,0,0,0,0,0,-101,-87,-192,-199,-187,-186,-270,-270,-270,-270,-270,-270,-270,-270,-263,-270,-270,-256,-262,-263,-262,-254,-247,-229,-338,-288,-337,-290,-357,-325,-1266,-1176,-2394,-2249,-29972,-29973,-29977,-29977]} 1. d4 e6 2. c4 d5 3. Nf3 Nf6 4. Nc3 c5 5. e3 cxd4 6. exd4 Bb4 7. cxd5 Nxd5 8. Bd2 O-O 9. Bd3 {LiveBook: 276 Games} Nxc3 {B14: Caro-Kann: Panov-Botvinnik Attack with 5...e6 and 5...g6} (9... Be7 10. O-O Nc6 11. a3 Bf6 12. Be3 Nxc3 13. bxc3 b6 14. Qc2 g6 15. Be4 Bb7 16. Rad1 Na5 17. Bxb7 Nxb7 18. c4 Rc8 19. Qe2 Na5 20. d5 Qd7 21. Bd4 Bxd4 22. Rxd4 exd5 23. cxd5 {½-½ (56) Vitiugov,N (2734)-Hou,Y (2658) Belokurikha 2018}) 10. bxc3 Be7 11. O-O Qc7 $146 {White is better.} ({Predecessor:} 11... Nd7 12. Qc2 f5 13. Bc4 Nb6 14. Bb3 Kh8 15. Rfe1 Nd5 16. Ne5 Bf6 17. Rad1 {1-0 (26) Mercado,L (2044)-Fiesco,V (1909) Pamplona 2012}) 12. Ne5 (12. Re1 $16) 12... Nd7 $11 13. f4 b6 14. Qh5 {[%csl Gd3][%cal Rh5h7]} f5 15. g4 (15. Qe2 $11 {keeps the balance.}) 15... Nxe5 16. fxe5 {[%cal Rg4f5]} g6 (16... Bb7 {is interesting.} 17. Be2 g6 18. Qh3 Kh8 19. Bf3 Bxf3 20. Rxf3 Rac8) 17. Qh3 $1 Kh8 18. gxf5 gxf5 19. Kf2 Bb7 20. Rg1 Rg8 21. Rxg8+ Rxg8 22. Rg1 Rxg1 23. Kxg1 Qc6 {And now ...Bh4! would win.} 24. Kf2 Qd5 25. Qh5 (25. a4 $11 {remains equal.}) 25... Bc6 $17 26. Be3 (26. Qh3 $17) 26... Qxa2+ $19 27. Be2 {[#]} Qd5 $1 28. Bf3 (28. Ke1 $142) 28... Qxf3+ 29. Qxf3 Bxf3 30. Kxf3 {[%mdl 4096] Endgame KB-KB} Kg7 31. c4 Kf7 32. Ke2 Ke8 33. d5 Kd7 34. Kd3 Bc5 {...Bxe3 is the strong threat.} 35. Bf4 a6 36. Kc2 b5 37. Kb3 (37. cxb5 {is the only way for White.} axb5 38. d6) 37... Bf2 38. Bd2 h5 {[%cal Bh7h5,Bh5h4][%mdl 32]} 39. Kb4 h4 40. Bg5 $2 {[#]} (40. Bf4 Be1+ 41. Kb3) 40... Bg3 $1 {[%mdl 512]} 41. h3 (41. hxg3 h3) 41... f4 {[%cal Bf5f4,Bf4f3][%mdl 32]} 42. cxb5 axb5 43. Kxb5 f3 {Precision: White = 35%, Black = 82%.} 0-1

[Event "World Junior U20 Open 2018"]
[Site "Gebze"]
[Date "2018.09.06"]
[Round "2.14"]
[White "Nikolovski, Nikola"]
[Black "Hakobyan, Aram"]
[Result "0-1"]
[WhiteElo "2388"]
[BlackElo "2554"]
[Annotator "TA"]
[PlyCount "61"]
[EventDate "2018.09.05"]
[EventType "swiss"]
[EventCountry "TUR"]
[SourceTitle "playchess.com"]
[Source "ChessBase"]
[SourceQuality "1"]

{[%evp 35,61,18,0,-12,0,0,0,0,0,-34,0,-94,-98,-91,-94,-118,-103,-181,-200,-535,-568,-554,-549,-1426,-1522,-1476,-1430,-2695]} 1. e4 c5 2. Nf3 d6 3. d4 cxd4 4. Nxd4 Nf6 5. Nc3 Nc6 6. Bg5 Qb6 7. Nb3 e6 8. Qd2 Be7 9. f3 O-O 10. O-O-O Rd8 11. Be3 Qc7 12. Qf2 d5 13. exd5 Nxd5 14. Nxd5 Rxd5 15. Rxd5 exd5 16. g4 Ne5 {B63: Sicilian: Richter-Rauzer: 7...Be7 and unusual Black 7th moves} (16... Bf6 17. Kb1 Be6 18. g5 Be5 19. f4 d4 20. Bc1 Bd5 21. Rg1 Bd6 22. Bg2 Bxg2 23. Rxg2 Qd7 24. Qe2 {0-1 (58) Illescas Cordoba,M (2625)-Kramnik,V (2710) Alcobendas 1993 CBM 039 [Romero Holmes]}) 17. Kb1 Nc4 18. Bd4 a5 {[%cal Ba7a5,Ba5a4][%mdl 32] LiveBook: 5 Games. The position is equal.} 19. h4 $146 ({Predecessor:} 19. Bd3 a4 20. Nc1 Be6 21. f4 Bd6 22. Qh4 Nd2+ 23. Ka1 Ne4 24. f5 {0-1 (38) Tsuboi,E (2356)-Fier,A (2499) Sao Paulo 2007}) 19... a4 20. Nc1 b5 {[%cal Bb7b5,Bb5b4][%mdl 32]} 21. Bd3 Be6 22. Rg1 Qf4 23. Bxc4 (23. Rd1 $1 $11) 23... dxc4 $17 24. Ne2 {[#]} Qd6 $1 $36 {[%mdl 2048] Black is on the roll.} 25. h5 b4 26. h6 {[#]} (26. Qe3 $17) 26... c3 $1 $19 {Strongly threatening ...Qd5.} ({Much less strong is} 26... gxh6 27. Qe3 $17) 27. hxg7 $2 (27. Qe3 {is more resistant.}) 27... cxb2 {Black is clearly winning.} 28. Bxb2 Qd5 29. Qh2 {Qxh7+! is the strong threat.} Qxa2+ 30. Kc1 Bg5+ 31. Nf4 {Precision: White = 15%, Black = 87%.} 0-1

[Event "World Junior U20 Open 2018"]
[Site "Gebze"]
[Date "2018.09.06"]
[Round "2.15"]
[White "Lomasov, Semyon"]
[Black "Nikitenko, Mihail"]
[Result "1/2-1/2"]
[WhiteElo "2545"]
[BlackElo "2368"]
[Annotator "TA"]
[PlyCount "60"]
[EventDate "2018.09.05"]
[EventType "swiss"]
[EventCountry "TUR"]
[SourceTitle "playchess.com"]
[Source "ChessBase"]
[SourceQuality "1"]

{[%evp 18,60,48,35,36,16,19,13,17,0,0,4,30,32,47,35,35,22,46,37,24,0,32,37,19,30,29,19,84,93,102,84,86,71,79,8,1,0,12,14,30,24,29,0,68]} 1. e4 d6 2. d4 Nf6 3. Nc3 e5 4. Nf3 Nbd7 5. Bc4 Be7 6. O-O O-O 7. a4 a5 8. Re1 {C41: Philidor Defence} b6 (8... c6 9. Ba2 Re8 10. h3 Bf8 11. Be3 h6 12. Nh4 exd4 13. Bxd4 Nc5 14. Bxc5 dxc5 15. e5 Qxd1 16. Raxd1 Nh5 17. Ng6 Be6 18. Nxf8 Kxf8 19. Bxe6 Rxe6 {1-0 (38) Vachier Lagrave,M (2783)-Ivanchuk,V (2757) Leuven 2017}) 9. b3 Bb7 10. Bb2 {LiveBook: 6 Games. White is slightly better.} Re8 11. dxe5 $146 ({Predecessor:} 11. Qd3 exd4 12. Qxd4 Ng4 13. Nd5 {1-0 (40) Petrik,T (2461)-Mrva,M (2434) Banska Stiavnica 2015}) 11... dxe5 12. Nd5 Bd6 13. Bb5 c6 14. Nxf6+ Qxf6 15. Bc4 h6 16. Nh4 {[#] aiming for Nf5.} Bc5 17. Nf5 $36 {[%mdl 2048] White fights for an advantage.} Nf8 18. Qh5 Bc8 19. Re2 Ng6 {[#] ...Nf4 is the strong threat.} (19... Nh7 {is interesting.} 20. Qg4 Nf8 21. Rd1 Be6 22. Bxe6 Nxe6 23. Red2 Rad8) 20. g3 Be6 21. Bxe6 Qxe6 22. Rd1 Bf8 (22... Red8 $11 {remains equal.} 23. Red2 Rxd2 24. Rxd2 Bb4) 23. Red2 $16 b5 24. h4 {[%cal Bh2h4,Bh4h5][%mdl 32]} bxa4 25. bxa4 Qa2 26. Ba1 (26. Bc1 $16) 26... Qxa4 $11 27. Qf3 Qc4 28. h5 Nh8 $1 29. Qg4 Kh7 $1 30. Bb2 Qa2 {Precision: White = 51%, Black = 56%.} (30... Qb4 $1 $11 31. Bc1 a4) 1/2-1/2

[Event "World Junior U20 Open 2018"]
[Site "Gebze"]
[Date "2018.09.06"]
[Round "2.16"]
[White "Agmanov, Zhandos"]
[Black "Kollars, Dmitrij"]
[Result "0-1"]
[WhiteElo "2379"]
[BlackElo "2536"]
[Annotator "TA"]
[PlyCount "114"]
[EventDate "2018.09.05"]
[EventType "swiss"]
[EventCountry "TUR"]
[SourceTitle "playchess.com"]
[Source "ChessBase"]
[SourceQuality "1"]

{[%evp 24,114,22,18,39,31,52,17,26,29,31,24,58,20,4,0,6,-5,0,-19,-25,-25,-29,-41,-35,-36,-32,-41,-41,-39,-27,-72,-71,-72,-75,-100,-73,-79,-68,-80,-63,-85,-25,-28,0,0,70,-62,-58,-64,-55,-136,-138,-127,-127,-169,-158,-197,-191,-167,-179,-181,-214,-181,-129,-208,-202,-202,-182,-337,-241,-392,-392,-248,-385,-377,-376,-370,-357,-327,-287,-284,-280,-278,-256,-246,-217,-29983,-29984,-29984,-29985,-29990,-29991]} 1. e4 c5 2. Nf3 e6 3. d4 cxd4 4. Nxd4 Nc6 5. Nc3 Qc7 6. Be3 a6 7. Qd2 Nf6 8. O-O-O Bb4 9. f3 Ne7 {B48: Sizilianisch (Paulsen-Variante)} 10. Nde2 b5 11. Kb1 Ba5 12. Qd4 Nc6 13. Qc5 {LiveBook: 7 Partien} h6 14. Bf4 e5 15. Be3 {[#]} Bb4 $146 ({Vorgänger:} 15... Bb7 16. a3 Rd8 17. Rd6 {1-0 (41) Das,A (2373)-Ganguly,S (2573) Mumbai 2006}) 16. Qb6 $1 {[%cal Rb6c7]} Qxb6 17. Bxb6 Rb8 18. Be3 d6 19. Nd5 Nxd5 20. Rxd5 Ke7 21. c3 Ba5 $1 22. Nc1 Be6 $36 {[%mdl 2048] Schwarz hat Initiative.} 23. Rd1 Bb6 24. Bxb6 Rxb6 25. Bd3 a5 {[%cal Ba6a5,Ba5a4][%mdl 32]} 26. Rd2 b4 27. c4 a4 28. b3 Ra8 29. Kb2 Na5 30. Rhd1 g6 31. Rf2 Nb7 32. Bb1 f5 (32... Nc5 $17) 33. f4 $11 a3+ 34. Ka1 fxe4 ({Besser ist} 34... Nc5 $11) 35. fxe5 (35. Bxe4 $14 Rf8 36. Bxg6) 35... Nc5 $15 36. Re1 d5 37. cxd5 (37. Rf6 $15 dxc4 38. bxc4) 37... Bxd5 $17 38. Rd2 Ke6 39. Ne2 {zielt auf Sf4+ ab.} Kxe5 40. Ng3 Rf8 41. Rde2 {[%cal Rg3e4]} Rf4 42. Nf1 Rbf6 43. Ne3 Be6 ({Viel schwächer ist} 43... Nd3 44. g3 $15) (43... h5 $19 {Weiss muss nun ...Tf2 beachten.} 44. Rc1 Nd3) 44. Rc1 (44. Nc2 $17) 44... Nd3 $19 45. Rc6 h5 46. g3 $2 (46. Ra6) 46... Rf3 47. Nc4+ $2 {[#]} (47. Ra6 {kämpft weiter.}) 47... Kd4 $1 48. Nd2 Bd5 (48... Rf2 $142 49. Rxe4+ Kd5) 49. Rc4+ Bxc4 50. Rxe4+ Kd5 51. bxc4+ Kc5 52. Re8 {und nun wäre Se4+ stark für Weiss.} Kc6 53. Rd8 Nc5 54. Nxf3 Rxf3 55. Rd1 $2 {[#]} (55. Rc8+ $19 Kd6 56. Rd8+ Nd7 57. Bxg6) 55... Rf2 {Schwarz setzt Matt.} 56. Bxg6 b3 57. h4 Kc7 {Precision: Weiß = 47%, Schwarz = 63%.} 0-1

[Event "World Junior U20 Open 2018"]
[Site "Gebze"]
[Date "2018.09.06"]
[Round "2.17"]
[White "Lobanov, Sergei"]
[Black "Can, Isik"]
[Result "0-1"]
[WhiteElo "2535"]
[BlackElo "2361"]
[Annotator "TA"]
[PlyCount "88"]
[EventDate "2018.09.05"]
[EventType "swiss"]
[EventCountry "TUR"]
[SourceTitle "playchess.com"]
[Source "ChessBase"]
[SourceQuality "1"]

{[%evp 23,88,0,23,30,31,31,25,21,37,37,37,30,26,29,14,0,0,0,-14,-16,-14,-29,-19,-25,-8,-8,-8,-19,-28,-166,-175,-159,-160,-236,-230,-233,-208,-449,-420,-352,-422,-353,-398,-445,-504,-480,-186,-431,-343,-579,-579,-579,-579,-579,-579,-579,-579,-579,-579,-579,-579,-576,-576,-576,-576,-833,-603]} 1. e4 c6 {[%cal Bc7c6,Bc6c5][%mdl 32]} 2. d4 d5 3. e5 Bf5 4. Nf3 e6 5. Be2 c5 6. Be3 Qb6 7. Nc3 Nc6 8. Na4 {B12: Caro-Kann: Advance Variation} (8. O-O Qxb2 9. Qe1 cxd4 10. Bxd4 Nxd4 11. Nxd4 Bb4 12. Ndb5 Ba5 13. g4 Bg6 14. Rb1 Qxc2 15. Rc1 Qb2 {½-½ (43) Karjakin,S (2778)-Navara,D (2745) Shamkir 2018}) 8... Qa5+ 9. c3 c4 10. O-O b5 11. Nc5 Bxc5 12. dxc5 Nge7 {LiveBook: 7 Games} 13. b4 Qa3 14. Qc1 $146 ({Predecessor:} 14. Nd4 Nxd4 15. Bxd4 a5 16. g4 Bg6 17. bxa5 Rxa5 18. Qd2 Nc6 19. f4 Be4 20. f5 {½-½ (20) Veroci,Z (2315)-Filep,T (2245) Hungary 1999}) 14... Qxc1 15. Rfxc1 Kd7 16. a4 a6 $1 17. Ra2 Rhb8 18. Rca1 {aiming for axb5.} bxa4 19. Bd1 Bg4 20. Bxa4 Bxf3 $1 21. gxf3 Kc7 22. Bc2 d4 23. Bxd4 {Hoping for Be3.} Nxd4 24. cxd4 Rxb4 25. Be4 ({Wrong is} 25. Bxh7 $2 g6 $19) 25... Nd5 26. Rxa6 (26. Ra5 $11 {and White stays safe.}) 26... Rxa6 $19 27. Rxa6 $11 {[%mdl 4096] Endgame KRB-KRN} c3 28. Ra7+ (28. Kf1 $17 {is a better defense.}) 28... Kc6 $19 29. Rxf7 Rxd4 30. Bxh7 $2 (30. Ra7) 30... Nb4 31. Ra7 Nd3 $1 32. Ra2 Kxc5 ({Not} 32... Nxe5 33. Be4+ Kxc5 34. Ra5+ Kd6 35. Ra6+ Ke7 36. Ra7+ Rd7 37. Ra8 $17) ({Less strong is} 32... Nxc5 33. Ra3 $15) 33. Bxd3 Rxd3 {KR-KR} 34. Kf1 Kc4 35. Ke2 {[#] Ra4+ is the strong threat.} Rd5 $1 {[%cal Rd5e5]} 36. Ra6 $2 {[#]} (36. f4 {is the only way for White.} g5 37. Ra4+ Kb3 38. Ra6) 36... c2 $1 {[%cal Rc2c1] Black is clearly winning.} 37. Rc6+ Kb3 38. Rb6+ Kc3 39. Rc6+ Kb2 40. Rb6+ Kc1 41. f4 Rd2+ 42. Ke1 Rd4 43. Ke2 Rxf4 44. f3 Rc4 {Precision: White = 51%, Black = 97%.} 0-1

[Event "World Junior U20 Open 2018"]
[Site "Gebze"]
[Date "2018.09.06"]
[Round "2.18"]
[White "Miciano, John Marvin"]
[Black "Christiansen, Johan-Sebastian"]
[Result "0-1"]
[WhiteElo "2374"]
[BlackElo "2525"]
[Annotator "TA"]
[PlyCount "74"]
[EventDate "2018.09.05"]
[EventType "swiss"]
[EventCountry "TUR"]
[SourceTitle "playchess.com"]
[Source "ChessBase"]
[SourceQuality "1"]

{[%evp 21,74,-22,-36,-43,-35,-47,-43,-78,-67,-73,-76,-105,-46,-87,-40,-78,-52,-63,-45,-64,-65,-57,-47,-69,-65,-129,-134,-139,-118,-109,-106,-115,-84,-123,-128,-117,-91,-102,-85,-314,-308,-328,-200,-284,-177,-332,-319,-656,-661,-647,-633,-706,-636,-1338,-1320]} 1. g3 d5 2. Bg2 e5 3. d3 Nf6 4. Nf3 Bd6 5. O-O O-O 6. Nbd2 Re8 7. e4 c6 8. c3 Nbd7 9. Qc2 h6 10. Re1 Nf8 11. Nf1 {[%cal Bd2f1,Bf1e3,Be3f5][%mdl 32]} Ng6 12. Ne3 {B10: Caro-Kann: 2 d3 and 2 c4} (12. Bd2 Bd7 13. Rad1 Qc7 14. Ne3 Rad8 15. h4 Bc5 16. b4 Bb6 17. c4 Qb8 18. c5 Bc7 19. Bc1 Ng4 {0-1 (73) Adams,M (2729)-Dreev,A (2607) Moscow 2007}) 12... Be6 13. Nf5 Bf8 $146 ({Predecessor:} 13... Bc7 14. Bh3 Qd7 15. Be3 Kh8 16. Rad1 Ne7 17. N3h4 g5 18. Nxh6 gxh4 19. Nxf7+ Kg7 20. Bxe6 Qxe6 {0-1 (29) Conterno,D (2095)-Bonehill,A (2227) LSS email 2008}) 14. h3 {Black is slightly better.} Qd7 15. g4 Rad8 16. Be3 {[#]} b6 (16... h5 $1 $17 17. Bg5 hxg4 18. hxg4 dxe4 19. dxe4 Qc7) 17. Rad1 Qc8 18. Kh2 Qc7 19. Kg1 Rd7 20. Bc1 Red8 21. exd5 cxd5 22. Qa4 Re8 23. Nh2 (23. N3h4 $15) 23... Rdd8 $17 24. Ng3 Bd7 25. Qb3 Bc5 26. Nhf1 Nf4 27. Bxf4 exf4 28. Ne2 h5 29. g5 Nh7 {[%cal Bf6h7,Bh7g5,Bg5e4,Be4d2][%mdl 32]} 30. d4 $2 {[#]} (30. g6 $17 {might work better.} fxg6 31. Nd2) 30... Nxg5 $19 {...f3 is the strong threat.} (30... f3 31. Bxf3 Nxg5 32. Bg2 $17) 31. Nh2 Bf8 ({Weaker is} 31... Nxh3+ 32. Bxh3 Bxh3 33. c4 $17 (33. dxc5 $2 Qe7 $19)) ({Not} 31... Bxh3 32. dxc5 Bxg2 33. Kxg2 $11) 32. h4 (32. Qxd5 $142 Ba4 33. Qxg5 Bxd1 34. Rxd1 Rxe2 35. Bd5) 32... Ne4 33. Nf3 $2 (33. Qxd5 {is a better defense.} f3 34. Nxf3) 33... Bg4 34. Ne5 $2 (34. Qc2) 34... Rxe5 {Black is clearly winning.} 35. dxe5 f3 36. Nf4 fxg2 37. Rxd5 Nd2 {Precision: White = 18%, Black = 65%.} 0-1